000 00196nam a2200085Ia 4500
008 170620s9999 xx 000 0 und d
100 _aAct
245 4 _aThe Constitution of India
260 _bCentral Law Pub.
260 _c2014
999 _c29784
_d29784